Municípios da Região Geográfica Imediata de Curitiba, Paraná - Statistics

Estatísticas Gerais
  • Esse quiz foi jogado 14 vezes
  • A pontuação média é 15 de 29
Estatísticas das Respostas
Inicial Nome das Cidades % Correto
A Almirante Tamandaré
100%
C Campo Largo
100%
S São José dos Pinhais
100%
A Araucária
92%
C Colombo
92%
P Pinhais
92%
F Fazenda Rio Grande
83%
L Lapa
67%
P Piraquara
67%
C Campo Magro
58%
M Mandirituba
58%
Q Quatro Barras
58%
C Campina Grande do Sul
50%
C Curitiba
50%
T Tijucas do Sul
50%
A Agudos do Sul
42%
C Cerro Azul
42%
C Contenda
42%
R Rio Negro
33%
A Adrianópolis
25%
B Balsa Nova
25%
B Bocaiúva do Sul
25%
I Itaperuçu
25%
P Piên
25%
Q Quitandinha
25%
R Rio Branco do Sul
25%
T Tunas do Paraná
25%
C Campo do Tenente
17%
D Doutor Ulysses
17%
Nenhum quiz correspondente encontrado
Distribuição das Pontuações
Porcentagem de Pessoas com Cada Pontuação
Percentil de Números Respondidos
Sua Pontuação Histórica
Você não jogou esse quiz